La gratuidad y la utilidad como factores determinantes de la responsabilidad del comodatario

Đã lưu trong:
Chi tiết về thư mục
Tác giả chính: Domínguez López, Esther (Tác giả)
Định dạng: Sách
Ngôn ngữ:Tiếng Tây Ban Nha
Được phát hành: Granada Comares 2001
Loạt:Biblioteca Comares de Ciencia Jurídica
Những chủ đề:
Các nhãn: Thêm thẻ
Không có thẻ, Là người đầu tiên thẻ bản ghi này!

MARC

LEADER 00000nam a2200000 a 4500
001 UCM0694
003 CL-VaPUC
008 020308e20010000SP |||||||||||||||||spa|d
082 0 4 |a 346.02  |b DOM  |2 21 
100 0 |a Domínguez López, Esther  |e author  |9 467616 
245 1 3 |a La gratuidad y la utilidad como factores determinantes de la responsabilidad del comodatario 
300 |a 292 p 
942 |c BK 
945 |d 20020308 00:00:00  |a vberengu 
260 |a Granada  |b Comares  |c 2001 
650 7 |a CONTRATO DE COMODATO  |2 CL-VaPUC  |9 467617 
650 7 |a COMODATO  |2 CL-VaPUC  |9 467618 
650 7 |a GRATUIDAD  |2 CL-VaPUC  |9 452641 
583 |a last modification  |c 20020308 00:00:00  |k Rodrigo Vera 
490 0 |a Biblioteca Comares de Ciencia Jurídica 
999 |c 299532  |d 299530 
952 |0 0  |1 0  |4 0  |6 346_020000000000000_DOM_2001  |7 0  |8 A  |9 356159  |a BIBDER  |b BIBDER  |d 2019-11-21  |i 3789551  |o 346.02 DOM 2001  |p 3789551  |r 2023-01-25  |w 2019-11-21  |y BK  |k DER